| 000 | 00438nam a22001577a 4500 | ||
|---|---|---|---|
| 003 | SGT | ||
| 020 | _a9789386217936 | ||
| 082 |
_a617.601 _bP17J |
||
| 100 | _a John Joseph | ||
| 245 | _aTextbook of Preventive and Community Dentistry: Public Health Dentistry | ||
| 250 | _a3RD | ||
| 260 |
_aNEW DELHI _bCBS Publishers & Distributors Pvt Ltd, India _c2017 |
||
| 300 | _a442.00 | ||
| 650 | _aPublic Health Dentistry | ||
| 942 |
_2ddc _cBK _013 |
||
| 999 |
_c20935 _d20935 |
||